O segredo do rei Curro (Registo nº 4214)

Detalhes MARC
000 -Etiqueta do registo
Cabeçalho 00785nam0a2200265 4500
005 - Identificador da versão
Campo de controlo 20240904162440.0
010 ## - Número internacional normalizado dos livros (ISBN)
Número (ISBN) 8496573.34.6
021 ## - Número do Depósito Legal
Código do país ES
Número PO.093.06
100 ## - Dados gerais de processamento
Dados gerais de processamento 20170302d2006 c y0pory5003 ba
101 1# - Língua de publicação
Língua do texto, banda sonora, etc. Português
Língua do documento no original Espanhol
102 ## - Pais de publicação ou produção
País de publicação Portugal
200 1# - Titulo e menção de responsabilidade
Título próprio O segredo do rei Curro
Informação de outro título a partir de um conto tradicional baseado no mito do rei Midas
Primeira menção de responsabilidade Patacrúa
Outras menções de responsabilidade il. Magicomora
-- trad. Dora Isabel Batalim
210 ## - Publicação, Distribuição, etc. 
Lugar da edição, distribuição, etc. Pontevedra
Nome do editor, distribuidor, etc. OQO
Data da publicação, distribuição, etc. 2006
215 ## - Descrição física 
Indicação específica da natureza do documento e extensão da espécie [44] p.
Outras indicações físicas il. color
225 1# - Colecção 
Título próprio da colecção Q
300 ## - Notas gerais 
Texto da nota PNL
606 ## - Nome comum usado como assunto
Número de registo de entrada de autoridade 0001466
Palavra de ordem Literatura espanhola
Subdivisão de assunto Conto
Código do sistema CA
675 ## - Classificação Decimal Universal (CDU)
Notação 821.134.2-34
Edição 3ª ed.
Língua da edição por
700 #0 - Nome de autor-pessoa física (responsabilidade principal)
Número de registo de entrada de autoridade 0001711
Palavra de ordem Patacrúa
702 #0 - Nome de autor-pessoa física (responsabilidade secundária)
Número de registo de entrada de autoridade 0001712
Palavra de ordem Magicomora
Código de função Ilustrador / Técnico de desenho computorizado
Número de registo de entrada de autoridade 0000399
Palavra de ordem Batalim
Outra parte do nome não tomada para palavra de ordem Dora Isabel
Código de função Tradutor
942 ## - Elementos de entrada adicionados (Koha)
Tipo de item no Koha Livro
966 ## - Identificação da Biblioteca
Sigla EBVEN
Exemplares
Situação do levantamento Origin of item (home branch) (coded) Biblioteca de empréstimo Código de barras Cota Circulation type (not for loan) Tipo de documento Nota do exemplar Damaged status
  Biblioteca Escolar das Vendas Biblioteca Escolar das Vendas BEV1510 8EST PAT PNL   Livro Sem mensagem